00646nam a2200181Ia 4500003000400000005001700004008004100021020002200062041000800084082002400092100004000116245006300156260005100219300000900270942001200279999001900291952015400310OSt20240205110814.0230519s9999 xx 000 0 und d a978-93-88108-95-9 aeng aF/610.73/PAN/DB0881 aPandey Sushma & Muzammil Mohd. Atif aPrinciples and Procedures of Nursing Foundations Volume- I bCBS Publishers & DistributorsaNew Delhic2020 a372p 2ddccDB c159488d159488 001040708FaBTINbBTINd2021-09-27g625.00i1605l10m3oF/610.73/PAN/DB0881pBTIN-DB-881r2026-02-07 10:30:45s2026-02-03w2021-09-24yDBzDB0881